Central Library OPAC University of Rajshahi

Industrial activity and economic geography : (Record no. 21559)

MARC details
000 -LEADER
fixed length control field 00918nam a2200253 a 4500
001 - CONTROL NUMBER
control field 21559
003 - CONTROL NUMBER IDENTIFIER
rucl marc code BD-RjUL
005 - DATE AND TIME OF LATEST TRANSACTION
control field 20211209000712.0
008 - FIXED-LENGTH DATA ELEMENTS--GENERAL INFORMATION
fixed length control field 140304s1961 kab b 001 0 eng d
035 ## - SYSTEM CONTROL NUMBER
System control number (BD-RjUL)21623
System control number (BD-RjUL)
040 ## - CATALOGING SOURCE
Original cataloging agency VCAV
Language of cataloging eng
Transcribing agency VCAV
Modifying agency ABN-SNR
041 ## - LANGUAGE CODE
Language code of text/sound track or separate title eng
082 14 - DEWEY DECIMAL CLASSIFICATION NUMBER
Classification number 338.6042
Edition number 19
Author mark and year ESI 1961
100 1# - MAIN ENTRY--PERSONAL NAME
Personal name Estall, Robert C.
9 (RLIN) 14496
245 10 - TITLE STATEMENT
Title Industrial activity and economic geography :
Remainder of title a study of the forces behind the geographical location of productive activity in manufacturing industry /
Statement of responsibility, etc. R.C. Estall and R. Ogilvie Buchanan.
260 ## - PUBLICATION, DISTRIBUTION, ETC. (IMPRINT)
Place of publication, distribution, etc. London :
Name of publisher, distributor, etc. Hutchinson Univ. Press,
Date of publication, distribution, etc. 1961.
300 ## - PHYSICAL DESCRIPTION
Pagination 232 p. :
Illustrations ill., maps ;
Size 19 cm.
504 ## - BIBLIOGRAPHY, ETC. NOTE
Bibliography, etc Includes index.
650 #0 - SUBJECT ADDED ENTRY--TOPICAL TERM
Topical term or geographic name as entry element Industrial location.
9 (RLIN) 66583
700 1# - ADDED ENTRY--PERSONAL NAME
Personal name Buchanan, R. Ogilvie
Fuller form of name (Robert Ogilvie),
Dates associated with a name 1894-
942 ## - ADDED ENTRY ELEMENTS (KOHA)
Source of classification or shelving scheme Dewey Decimal Classification
Koha item type Books
Holdings
Lost status Source of classification or shelving scheme Damaged status Not for loan Collection code Permanent Location Current Location Shelving location Date acquired Source of acquisition Cost, normal purchase price Total Checkouts Full call number Date last seen Copy number Koha item type
  Dewey Decimal Classification   Added to bundle Non-fiction Central Library, University of Rajshahi Central Library, University of Rajshahi Reading Room 16/10/1962 Zeitlinger 12.60   338.6042 ESI 1961 04/03/2014 C-1 Books
  Dewey Decimal Classification     Non-fiction Central Library, University of Rajshahi Central Library, University of Rajshahi   24/11/1965 Zeitlinger 15.00   338.6042 ESI 1964 02/11/2016 C-2 Books